Lier chaque chanson à son interprète. - Statistiques

Statistiques générales
  • Ce quiz a été pris 864 fois
  • Le résultat moyen est 16 sur 30
Statistiques - réponses
Hint Réponse % Correct
Allumer le feu Johnny Hallyday
68%
Alexandrie Alexandra Claude Francois
63%
Envole-moi Jean-Jacques Goldman
63%
Mistral gagnant Renaud
63%
Le lundi au soleil Claude Francois
62%
Cette année-là Claude Francois
61%
Quand la musique est bonne Jean-Jacques Goldman
61%
Je l'aime à mourir Francis Cabrel
60%
Laisse béton Renaud
60%
La corrida Francis Cabrel
59%
Je te donne Jean-Jacques Goldman
59%
Je te promets Johnny Hallyday
58%
Savoir aimer Florent Pagny
57%
Ma liberté de penser Florent Pagny
57%
Comme d'habitude Claude Francois
55%
Morgane de toi Renaud
54%
L'envie Johnny Hallyday
53%
Gabrielle Johnny Hallyday
53%
Dès que le vent soufflera Renaud
51%
Petite Marie Francis Cabrel
50%
Il suffira d'un signe Jean-Jacques Goldman
50%
Le téléphone pleure Claude Francois
48%
Dans mon H.L.M Renaud
48%
L'encre de tes yeux Francis Cabrel
46%
Là-bas Jean-Jacques Goldman
46%
Diego, libre dans sa tête Johnny Hallyday
45%
Et un jour une femme Florent Pagny
44%
Chanter Florent Pagny
41%
Si tu veux m'essayer Florent Pagny
33%
Octobre Francis Cabrel
32%
Aucun quiz correspondant
Distribution des résultats
% des personnes avec chaque résultat
Percentile par nombre de réponses
Votre historique - résultats
Vous n’avez pas pris ce quiz